000 00912cam a2200193 4500
001 WB3934-26
008 030911n2003 000 0 eng u
035 _a(Sirsi) u123566
245 _aConstruction industry training grants
260 _c2003
490 _aRICS Business
_v September 2003, 4(1)
520 _aA total of £86.5m in training grants is available to construction companies for 2003-04. This is the result of a shake-up of the grant scheme announced by the Construction Industry Training Board (CITB). This has provided an extra £11.5m on top of last year's funding which is a substantial increase of 15%. For detail of the grants scheme: http://www.citb.org.uk/grant/grant_scheme/default.asp
590 _aWB
650 _aCONSTRUCTION INDUSTRY TRAINING BOARD
650 _aCONSTRUCTION COMPANIES
650 _aTRAINING GRANTS
690 _aTRAINING AND CAREER DEVELOPMENT
942 _n0
999 _c73394
_d73394